000
00299nam a2200109 a 4500
005
20201002044927.0
008
140403s1971 000 spa d
100
_a
Alarcon, Pedro A., de
_9
71523
245
3
_a
El sombrero de tres picos.
260
_a
Madrid -- Libra,
_c
1971 -- 176 p.
999
_c
43190
_d
43190
040
_a
DO-SdBNP